[Event "Memorial J.Capablanca (d)"]
[Site "masterchessopen.com Habana (Cuba)"]
[Round "12"]
[White "Lopez Bruci (USA)"]
[Black "Lucena Lincoln (BRA)"]
[Result "1-0"]
[WhiteElo "2397"]
[BlackElo "2204"]

1.e4 c5 2.Nf3 Nc6 3.d4 cxd4 4.Nxd4 Nf6 5.Nc3 d6 6.Bg5 Bd7 7.Qd2 Rc8 8.f4 Nxd4
9.Qxd4 Qa5 10.e5 dxe5 11.fxe5 e6 12.O-O-O Rxc3 13.Bd2 Bc5 14.Bxc3 Bxd4 15.Bxa5
Bxe5 16.Bb5 b6 17.Bxd7+ Nxd7 18.Bb4 Nc5 19.g3 h5 20.Rhe1 Bf6 21.Bxc5 bxc5
22.Re4 O-O 23.Rd7 Rb8 24.c3 a6 25.Rc4 Bg5+ 26.Kc2 Be3 27.Rd1 g6 28.Re1 {#r}
1-0

[Event "It (young masters) (cat.7)"]
[Site "masterchessopen.com Hengelo (Netherlands)"]
[Round "4"]
[White "Firman Nazar (UKR)"]
[Black "Berkvens Joost (NED)"]
[Result "0-1"]
[WhiteElo "2494"]
[BlackElo "2428"]

1.e4 c5 2.Nf3 Nc6 3.d4 cxd4 4.Nxd4 Nf6 5.Nc3 d6 6.Bg5 Bd7 7.Qd2 Rc8 8.Nb3 a6
9.f3 e6 10.O-O-O b5 11.Kb1 Ne5 12.Bd3 Be7 13.h4 O-O 14.f4 Nxd3 15.cxd3 Ng4
16.e5 f6 17.Qe2 h5 18.Ne4 dxe5 19.d4 fxg5 20.hxg5 Qe8 21.dxe5 Rxf4 22.g3 Rxe4
{#R} 0-1

[Event "Ch Netherlands (1/2 final)"]
[Site "masterchessopen.com Leeuwarden (Netherlands)"]
[Round "2"]
[White "Stellwagen Daniel (NED)"]
[Black "Van Der Weide Karel (BEL)"]
[Result "1-0"]
[WhiteElo "2384"]
[BlackElo "2457"]

1.e4 c5 2.Nf3 Nc6 3.d4 cxd4 4.Nxd4 Nf6 5.Nc3 d6 6.Bg5 Bd7 7.Qd2 Rc8 8.O-O-O
Nxd4 9.Qxd4 Qa5 10.Bd2 a6 11.Kb1 e5 12.Qd3 Ng4 13.Nd5 Qc5 14.Qb3 Qc6 15.Be1
Be6 16.f3 Ne3 17.Rd2 Nxf1 18.Rxf1 Be7 19.Rd3 Qc4 20.Qxc4 Rxc4 21.b3 Rc6 22.Bb4
Bg5 23.Rfd1 O-O 24.c4 Rfc8 25.Nc3 b5 26.cxb5 axb5 27.h4 Bxh4 28.Nxb5 Rb8 29.a4
h6 30.Kb2 Rxb5 31.axb5 Rb6 32.Bxd6 Rxb5 33.R1d2 f6 34.Rc2 Be1 35.Bc5 Kh7
36.Bf2 Bb4 37.Rc6 {#r} 1-0

[Event "It (open)"]
[Site "masterchessopen.com Linares (Spain)"]
[Round "7"]
[White "Sulskis Sarunas (LTU)"]
[Black "Zulfugarli Magomed (AZE)"]
[Result "1-0"]
[WhiteElo "2571"]
[BlackElo "2464"]

1.e4 c5 2.Nf3 d6 3.d4 cxd4 4.Nxd4 Nf6 5.Nc3 Nc6 6.Bg5 Bd7 7.Qd2 Rc8 8.Nxc6
Bxc6 9.f3 e6 10.O-O-O Be7 11.Nb5 Bxb5 12.Bxb5+ Kf8 13.Bxf6 gxf6 14.Qh6+ Kg8
15.f4 Bf8 16.Qh5 Qa5 17.Rd3 Bg7 18.Ra3 Qb6 19.Qe2 Kf8 20.Rb3 Rc5 21.f5 exf5
22.exf5 Bh6+ 23.Kb1 Bf4 24.Qf3 Rxb5 25.Qxf4 Rxb3 26.a3 Rg8 27.Qh6+ Rg7 28.Qxf6
Rxg2 29.Re1 Qf2 30.Qh6+ {#r} 1-0

[Event "It (open)"]
[Site "masterchessopen.com Medina del Campo (Spain)"]
[Round "2"]
[White "Lopez Rodriguez Jose Luis (ESP)"]
[Black "Escobar Forero Alder (COL)"]
[Result "0-1"]
[WhiteElo "2238"]
[BlackElo "2392"]

1.e4 c5 2.Nf3 Nc6 3.d4 cxd4 4.Nxd4 Nf6 5.Nc3 d6 6.Bg5 Bd7 7.Qd2 Rc8 8.O-O-O
Nxd4 9.Qxd4 Qa5 10.Bxf6 gxf6 11.Kb1 Qc5 12.Be2 Bg7 13.Qxc5 Rxc5 14.Rd5 Rxd5
15.Nxd5 f5 16.exf5 Bxf5 17.Bf3 Bd7 18.Re1 e6 19.Nb4 a5 20.Nd3 b5 21.a3 Ke7
22.Re4 Rc8 23.Rh4 h6 24.c3 e5 25.g3 f5 26.Nc1 Rh8 27.Nb3 Bf6 28.Rh5 a4 29.Nd2
Bg5 30.Kc2 Be8 31.Rh3 e4 32.Be2 d5 33.f4 Bf6 34.g4 fxg4 35.Bxg4 h5 36.Be2 h4
37.Re3 Rg8 38.c4 bxc4 {#R} 0-1

[Event "It (open)"]
[Site "masterchessopen.com Polanica Zdroj (Poland)"]
[Round "2"]
[White "Averjanov Alexey (UKR)"]
[Black "Frackowiak Slawomir (POL)"]
[Result "1-0"]
[WhiteElo "2383"]
[BlackElo "2075"]

1.e4 c5 2.Nf3 Nc6 3.d4 cxd4 4.Nxd4 d6 5.Nc3 Nf6 6.Bg5 Bd7 7.Qd2 Nxd4 8.Qxd4
Qa5 9.f4 Rc8 10.O-O-O h6 11.Bxf6 gxf6 12.Kb1 h5 13.Be2 h4 14.Nd5 Qc5 15.Qd3 a5
16.e5 fxe5 17.fxe5 Bg7 18.exd6 exd6 19.Rhf1 Rh6 20.c3 Kf8 {#r} 1-0

[Event "It"]
[Site "masterchessopen.com Sautron (France)"]
[Round "2"]
[White "Crouan Stephane (FRA)"]
[Black "Videki Sandor (HUN)"]
[Result "0-1"]
[WhiteElo "2301"]
[BlackElo "2443"]

1.e4 c5 2.Nf3 d6 3.d4 cxd4 4.Nxd4 Nf6 5.Nc3 Nc6 6.Bg5 Bd7 7.Qd2 Nxd4 8.Qxd4
Qa5 9.f4 e6 10.O-O-O Be7 11.e5 dxe5 12.fxe5 O-O-O 13.Be3 Bc6 14.Qxa7 Rxd1+
15.Kxd1 Qxa7 16.Bxa7 Ng4 17.Bd3 Kc7 18.Rf1 Nxe5 19.Bd4 Nxd3 20.Bxg7 Rg8
21.Rxf7 Nxb2+ 22.Kc1 Kd8 {#R} 0-1

[Event "It"]
[Site "masterchessopen.com Sautron (France)"]
[Round "6"]
[White "Sermier Guillaume (FRA)"]
[Black "Videki Sandor (HUN)"]
[Result "0-1"]
[WhiteElo "2381"]
[BlackElo "2443"]

1.e4 c5 2.Nf3 Nc6 3.d4 cxd4 4.Nxd4 Nf6 5.Nc3 d6 6.Bg5 Bd7 7.Qd2 Nxd4 8.Qxd4
Qa5 9.f4 e6 10.O-O-O Be7 11.Bc4 Bc6 12.Rhe1 O-O 13.Kb1 Rad8 14.Bb3 h6 15.Bh4
Qh5 16.Bg3 d5 17.exd5 Nxd5 18.Nxd5 Bxd5 19.Bxd5 Rxd5 20.Qg1 Rfd8 21.Rxd5 Qxd5
22.a3 Bf6 23.Qxa7 Qb5 24.b3 Rd2 25.Qe3 Rxg2 26.Qf3 Rd2 27.Rd1 Qc6 {#R} 0-1

[Event "Ch Switzerland"]
[Site "masterchessopen.com Scuol (Switzerland)"]
[Round "3"]
[White "Horvath Tamas I (HUN)"]
[Black "Summermatter Daniel (SUI)"]
[Result "1-0"]
[WhiteElo "2258"]
[BlackElo "2341"]

1.e4 c5 2.Nf3 Nc6 3.d4 cxd4 4.Nxd4 Nf6 5.Nc3 d6 6.Bg5 Bd7 7.Qd2 Rc8 8.f4 h6
9.Bxf6 gxf6 10.Nf5 Qa5 11.Ne3 a6 12.Bd3 Qc5 13.O-O e6 14.Kh1 Be7 15.Ne2 h5
16.c3 h4 17.b4 Qa7 18.a4 Bd8 19.Bc2 Ne7 20.Nd4 Ng6 21.Bb3 Bb6 22.f5 Rxc3
23.Nec2 Rxb3 24.fxg6 Rg3 25.gxf7+ Kxf7 26.hxg3 hxg3+ 27.Kg1 e5 28.Ra3 Rg8
29.Rxf6+ Kxf6 30.Qh6+ Ke7 31.Qh7+ Kd8 32.Qxg8+ Kc7 33.Rc3+ Bc6 34.Qf7+ Kd8
35.Rxg3 {#r} 1-0

[Event "It (open)"]
[Site "masterchessopen.com Seefeld (Austria)"]
[Round "8"]
[White "Hertel Peter (GER)"]
[Black "Wittmann Walter (AUT)"]
[Result "0-1"]
[WhiteElo "2287"]
[BlackElo "2356"]

1.e4 c5 2.Nf3 d6 3.d4 cxd4 4.Nxd4 Nf6 5.Nc3 Nc6 6.Bg5 Bd7 7.Qd2 Rc8 8.O-O-O
Nxd4 9.Qxd4 Qa5 10.Bxf6 gxf6 11.Kb1 Qc5 12.Qxc5 Rxc5 13.Bd3 h5 14.Nd5 h4 15.f3
Bg7 16.g4 e6 17.Ne3 Bh6 18.Rde1 Ke7 19.h3 Bf4 20.Ng2 Bg3 21.Ref1 a5 22.f4 d5
23.exd5 Rxd5 24.Be4 Rb5 25.c3 Rc8 26.Ka1 Rb6 27.Rd1 Rc4 28.Bf3 Bc6 29.Bxc6
{#R} 0-1

[Event "Ch Germany (juniors) (under 18) (g)"]
[Site "masterchessopen.com Willingen (Germany)"]
[Round "5"]
[White "Schlander Sabine (GER)"]
[Black "Fliter Irena (GER)"]
[Result "0-1"]
[WhiteElo "2018"]
[BlackElo "2101"]

1.e4 c5 2.Nf3 Nc6 3.d4 cxd4 4.Nxd4 Nf6 5.Nc3 d6 6.Bg5 Bd7 7.Qd2 Rc8 8.O-O-O
Nxd4 9.Qxd4 Qa5 10.f4 Rxc3 11.bxc3 e5 12.Qd3 Ng4 13.Bh4 exf4 14.Qd5 Qxc3
15.Qxb7 f6 16.Qb8+ Kf7 17.Qxa7 Ne5 18.Bb5 d5 19.Rxd5 Qa1+ 20.Kd2 Bb4+ 21.Ke2
Qxh1 22.Rxd7+ Kg6 23.Rxg7+ Kh6 24.Bf2 f3+ 25.gxf3 Qxf3+ 26.Kf1 Bc5 27.Qxc5
Kxg7 28.Qa7+ Kg6 29.Qd4 Ng4 30.Bd3 Rb8 31.e5+ Kh6 32.Kg1 Rb1+ 33.Bf1 Qe2
34.Qf4+ Kg6 35.Bc5 Rxf1+ {#R} 0-1

[Event "Tournament (qual) (w)"]
[Site "masterchessopen.com Tbilisi (Georgia)"]
[Date "2001.09.25"]
[Round "5"]
[White "Khukhashvili Sopiko (GEO)"]
[Black "Matnadze Ana (GEO)"]
[Result "0-1"]
[WhiteElo "2333"]
[BlackElo "2342"]

1.e4 c5 2.Nf3 d6 3.d4 cxd4 4.Nxd4 Nf6 5.Nc3 Nc6 6.Bg5 Bd7 7.Qd2 Rc8 8.O-O-O
Nxd4 9.Qxd4 Qa5 10.Bd2 e5 11.Qd3 a6 12.Kb1 Be6 13.a3 Qc7 14.Bg5 Ng4 15.Rd2 h6
16.Bh4 Be7 17.Bxe7 Kxe7 18.Qg3 Nf6 19.f4 Qa5 20.f5 Rxc3 21.bxc3 Bd7 22.Kb2 Rc8
23.Be2 Rc6 24.Rb1 Nxe4 25.Qh4+ Nf6 26.Qh3 Kf8 27.Qd3 d5 28.Qf3 d4 29.Kc1 Qxa3+
30.Kd1 Rb6 31.Rc1 Bc6 32.Qg3 Ne4 33.Qxe5 Nxc3+ 34.Ke1 Qxc1+ 35.Bd1 Ne4 36.Rd3
Qb2 37.Qb8+ Be8 38.Qe5 Qb4+ 39.Kf1 Nf6 40.Kf2 Qd6 {#R} 0-1

[Event "Ch Ukraine"]
[Site "masterchessopen.com Alushta (Ukraine)"]
[Round "1"]
[White "Fedorchuk Sergey A (UKR)"]
[Black "Bylino Oleg (UKR)"]
[Result "1-0"]
[WhiteElo "2553"]
[BlackElo "2255"]

1.e4 c5 2.Nf3 d6 3.d4 cxd4 4.Nxd4 Nf6 5.Nc3 Nc6 6.Bg5 Bd7 7.Qd2 Rc8 8.f3 a6
9.O-O-O e6 10.g4 Be7 11.Be3 Nxd4 12.Qxd4 e5 13.Qd2 Be6 14.g5 Nh5 15.Nd5 Bxd5
16.exd5 Qd7 17.h4 Qa4 18.Kb1 Bd8 19.Bh3 Ba5 20.c3 Rd8 21.Bg4 Nf4 22.b4 Bc7
23.Bxf4 exf4 24.Rhe1+ Kf8 25.Qxf4 Re8 26.h5 Re5 27.Qc4 Re7 28.Kb2 Qe8 29.Rxe7
Qxe7 30.Rd4 h6 31.g6 Bd8 32.Rf4 f6 33.Re4 Qc7 {#r} 1-0

[Event "Ch Europe (active) (w)"]
[Site "masterchessopen.com Antalya (Turkey)"]
[Round "4"]
[White "Manakova Maria (SRB)"]
[Black "Matnadze Ana (GEO)"]
[Result "0-1"]
[WhiteElo "2366"]
[BlackElo "2392"]

1.e4 c5 2.Nf3 d6 3.d4 cxd4 4.Nxd4 Nf6 5.Nc3 Nc6 6.Bg5 Bd7 7.Qd2 Rc8 8.O-O-O
Nxd4 9.Qxd4 Qa5 10.f4 Rxc3 11.Bxf6 Rc8 12.Bxg7 e5 13.Bxe5 Qc7 14.Bc4 dxe5
15.Bxf7+ Ke7 16.Qd3 Bg4 17.Rdf1 Kxf7 18.fxe5+ Ke8 19.Rf2 Qc4 20.Qg3 Qxa2
21.Qf4 Rd8 22.c3 Rd1+ 23.Rxd1 Qa1+ {#R} 0-1

[Event "Ch Europe (blitz) (w)"]
[Site "masterchessopen.com Antalya (Turkey)"]
[Round "24"]
[White "Bojkovic Natasa (SRB)"]
[Black "Matnadze Ana (GEO)"]
[Result "0-1"]
[WhiteElo "2422"]
[BlackElo "2392"]

1.e4 c5 2.Nf3 d6 3.d4 cxd4 4.Nxd4 Nf6 5.Nc3 Nc6 6.Bg5 Bd7 7.Qd2 Rc8 8.f4 h6
9.Bxh6 gxh6 10.Nf5 Qa5 11.Bd3 Nb4 12.a3 Rg8 13.g3 e6 14.Ne3 Nxd3+ 15.Qxd3 b5
16.O-O Qb6 17.Kh1 Bc6 18.Rfe1 Nd5 19.Nexd5 Kd8 20.h4 Rxg3 21.Qe2 Rd3 22.Kh2
Rd2 23.Kg3 Rc7 {#R} 0-1

[Event "Cup European Club (w)"]
[Site "masterchessopen.com Antalya (Turkey)"]
[Round "4"]
[White "Bojkovic Natasa (SRB)"]
[Black "Matnadze Ana (GEO)"]
[Result "0-1"]
[WhiteElo "2422"]
[BlackElo "2392"]

1.e4 c5 2.Nf3 d6 3.d4 cxd4 4.Nxd4 Nf6 5.Nc3 Nc6 6.Bg5 Bd7 7.Qd2 Rc8 8.f4 h6
9.Bxf6 gxf6 10.O-O-O Nxd4 11.Qxd4 Qa5 12.Kb1 Rg8 13.Qd3 f5 14.e5 e6 15.exd6
Rc5 16.Qf3 Qb6 17.Be2 Bg7 18.Rd3 Bc6 19.d7+ Ke7 20.Qe3 Bxc3 21.Rxc3 Rxc3
22.Qxc3 Rxg2 23.Rd1 Bxd7 24.Qd3 Bc6 25.Qd6+ Kf6 26.Bh5 Ba4 27.Qe5+ Ke7 28.b3
Be8 29.h3 f6 30.Qb8 Bxh5 31.Rd3 Be8 32.Rc3 Bc6 33.Qh8 Qd4 {#R} 0-1

[Event "Staatsliga 2001/02"]
[Site "masterchessopen.com Austria"]
[Round "10"]
[White "Opl Klaus (AUT)"]
[Black "Wittmann Walter (AUT)"]
[Result "1-0"]
[WhiteElo "2283"]
[BlackElo "2345"]

1.e4 c5 2.Nf3 d6 3.d4 cxd4 4.Nxd4 Nf6 5.Nc3 Nc6 6.Bg5 Bd7 7.Qd2 Rc8 8.O-O-O
Nxd4 9.Qxd4 Qa5 10.f4 h6 11.Bh4 g5 12.e5 Bg7 13.Be1 Nh5 14.Nd5 Qxa2 15.Nxe7
Rd8 16.Qxd6 Qa1+ 17.Kd2 Qxd1+ 18.Kxd1 Bg4+ 19.Kc1 Rxd6 20.exd6 Nxf4 21.h3 Be6
22.g3 Nd5 23.Bb5+ Kd8 24.Ba5+ b6 25.Nc6+ Kc8 26.Bd2 Kb7 27.Ne7 Nf6 28.Bc6+ Kb8
29.h4 Nh5 30.hxg5 Nxg3 31.Re1 hxg5 32.Bxg5 Bh6 33.Bxh6 Rxh6 34.Re3 Nh5 35.Bf3
Bd7 36.Rc3 Nf6 37.Rc7 Rh3 38.Bc6 {#r} 1-0

[Event "Ch Yugoslavia (team)"]
[Site "masterchessopen.com Budva (Yugoslavia)"]
[Round "0"]
[White "Markovic Ivan (SRB)"]
[Black "Todorovic Jovan (SRB)"]
[Result "1-0"]
[WhiteElo "2498"]
[BlackElo "2403"]

1.e4 c5 2.Nf3 d6 3.d4 cxd4 4.Nxd4 Nf6 5.Nc3 Nc6 6.Bg5 Bd7 7.Qd2 Rc8 8.O-O-O
Nxd4 9.Qxd4 Qa5 10.Bd2 a6 11.f3 g6 12.Kb1 Bg7 13.g4 O-O 14.g5 Nh5 15.Nd5 Qd8
16.Qb6 Qe8 17.Bc1 Bc6 18.Bh3 e6 19.Rhe1 Rd8 20.Bg4 Qd7 21.f4 Kh8 22.e5 dxe5
23.Nf6 Nxf6 24.gxf6 {#r} 1-0

[Event "Czech League 2002/03 (1st)"]
[Site "masterchessopen.com Czech Republic"]
[Round "2"]
[White "Vorisek Jaroslav (CZE)"]
[Black "Vodicka Vlastimil (CZE)"]
[Result "0-1"]
[WhiteElo "2253"]
[BlackElo "2324"]

1.e4 c5 2.Nf3 Nc6 3.d4 cxd4 4.Nxd4 Nf6 5.Nc3 d6 6.Bg5 Bd7 7.Qd2 Nxd4 8.Qxd4
Qa5 9.f4 Rc8 10.e5 dxe5 11.fxe5 Bc6 12.O-O-O Nd7 13.h4 e6 14.Rh3 h6 15.Bf4 Bc5
16.Qd2 Be7 17.Kb1 a6 18.Qd4 Rd8 19.Be2 Nc5 20.Qf2 Rxd1+ 21.Bxd1 Ne4 22.Nxe4
Bxe4 23.Rc3 O-O 24.Qe3 Bxg2 25.Qg3 Rd8 26.Be2 Bd5 27.a3 Qa4 28.h5 Qe4 29.Bxh6
Bf8 30.Bf3 Qf5 31.Bxd5 exd5 32.Rf3 Qxh5 33.Bc1 Re8 34.Rb3 {#R} 0-1

[Event "Ch Ukraine (juniors) (under 18)"]
[Site "masterchessopen.com Dnepropetrovsk (Ukraine)"]
[Round "7"]
[White "Smirnov Igor (UKR)"]
[Black "Papenin Nikolai (UKR)"]
[Result "1-0"]
[WhiteElo "2478"]
[BlackElo "2390"]

1.e4 c5 2.Nf3 d6 3.d4 cxd4 4.Nxd4 Nf6 5.Nc3 Nc6 6.Bg5 Bd7 7.Qd2 Rc8 8.O-O-O
Nxd4 9.Qxd4 Qa5 10.Bd2 a6 11.f3 g6 12.Kb1 Bg7 13.g4 O-O 14.g5 Ng4 15.Nd5 Qd8
16.Qb6 Qxb6 17.Nxb6 Nf2 18.Nxd7 Rfe8 19.Bg2 Nxh1 20.Bxh1 Bd4 21.Ba5 Be3 22.Bb6
Bxg5 23.Bf2 Bf4 24.Nb6 Rc6 25.h4 e6 26.Bg2 Kg7 27.Bf1 Re7 28.a4 Rec7 29.Bd3
Kf6 30.a5 h6 31.c4 g5 32.hxg5+ hxg5 33.b4 Re7 34.Bc2 {#r} 1-0

[Event "It (open)"]
[Site "masterchessopen.com Hermosillo (Mexico)"]
[Round "4"]
[White "Reyes Barragan Manuel (MEX)"]
[Black "Mendoza Lucatero Rigoberto (MEX)"]
[Result "1-0"]
[WhiteElo "2099"]
[BlackElo "2007"]

1.e4 c5 2.Nf3 Nc6 3.d4 cxd4 4.Nxd4 Nf6 5.Nc3 d6 6.Bg5 Bd7 7.Qd2 a6 8.O-O-O Rc8
9.Kb1 b5 10.Nxc6 Bxc6 11.Qe1 Nd7 12.f4 g6 13.e5 dxe5 14.fxe5 Bg7 15.e6 fxe6
16.Qxe6 b4 17.Bc4 Rf8 18.Rhe1 Bf6 19.Bxf6 Rxf6 20.Qg8+ Rf8 21.Bf7# 1-0

[Event "Ch Slovakia (open) (b)"]
[Site "masterchessopen.com Kaskady (Slovakia)"]
[Round "4"]
[White "Kruppa Dominik (SVK)"]
[Black "Bylino Oleg (UKR)"]
[Result "0-1"]
[WhiteElo "2091"]
[BlackElo "2255"]

1.e4 c5 2.Nf3 d6 3.d4 cxd4 4.Nxd4 Nf6 5.Nc3 Nc6 6.Bg5 Bd7 7.Qd2 Nxd4 8.Qxd4
Qa5 9.f4 Rc8 10.Bxf6 gxf6 11.Be2 h5 12.O-O Qc5 13.Qxc5 Rxc5 14.Rad1 f5 15.Rd5
Bg7 16.Rxc5 Bd4+ 17.Kh1 dxc5 18.e5 h4 19.Bb5 Bxc3 20.Bxd7+ Kxd7 21.bxc3 Rh6
22.Rb1 Kc7 23.Rb5 Ra6 24.Rxc5+ Kb6 25.Rd5 Rxa2 26.Kg1 Rxc2 27.Rd7 a5 28.Rxe7
a4 29.Rxf7 a3 30.Rf8 a2 31.Ra8 Rc1+ 32.Kf2 a1=Q 33.Rxa1 Rxa1 34.h3 Kc5 35.g4
hxg3+ 36.Kxg3 Kd5 37.Kh4 Rg1 38.Kh5 Ke4 {#R} 0-1

[Event "Memorial Sarkisov (open)"]
[Site "masterchessopen.com Krasnodar (Russia)"]
[Round "0"]
[White "Kotenko Pavel (RUS)"]
[Black "Staroverov Aleksey (RUS)"]
[Result "0-1"]
[WhiteElo "2392"]
[BlackElo "2305"]

1.e4 c5 2.Nf3 Nc6 3.d4 cxd4 4.Nxd4 Nf6 5.Nc3 d6 6.Bg5 Bd7 7.Qd2 Rc8 8.O-O-O
Nb4 9.Kb1 Qb6 10.a3 Nc6 11.Nb3 e6 12.f4 Ng4 13.Re1 h6 14.Bh4 g5 15.fxg5 hxg5
16.Bxg5 Nce5 17.h3 Bg7 18.Be2 Rxc3 19.Qxc3 Nf2 20.Bf3 Nxh1 21.Be3 Qa6 22.Rxh1
Rg8 23.Bd4 Qc6 24.Qxc6 bxc6 25.Bxa7 c5 26.Nd2 Bh6 27.Rd1 Ke7 28.b3 Ra8 29.Bb6
Rxa3 30.Be2 Bg7 31.c3 Ra8 32.Kb2 Nc6 33.Nc4 Nb4 34.Rxd6 Ra2+ 35.Kb1 Bxc3 {#R}
0-1

[Event "Memorial Stepanov (open)"]
[Site "masterchessopen.com Krasnodar (Russia)"]
[Round "8"]
[White "Maiorov Boris (RUS)"]
[Black "Litvishko M (RUS)"]
[Result "1-0"]
[WhiteElo "2310"]
[BlackElo "2234"]

{ } 1.e4 c5 { +0,04 } ( 1...d5 { !? } 2.exd5 Nf6 3.d4 Nxd5 { -0,20 } ) 2.Nf3 {
? -0,76 } ( 2.Nc3 { ? } 2...Nc6 3.Nge2 Nd4 4.Nxd4 { +0,04 } ) 2...Nc6 { ?
+0,04 } ( 2...g6 { ! } 3.d4 cxd4 4.Nxd4 Bg7 { -0,76 } ) 3.d4 { ? -0,51 } (
3.Bb5 { ? } 3...g6 4.O-O Bg7 5.c3 { +0,04 } ) 3...cxd4 4.Nxd4 Nf6 { ? +0,04 }
( 4...e5 { ? } 5.Nb3 Nf6 6.Nc3 Bb4 { -0,51 } ) 5.Nc3 d6 { ? +0,62 } ( 5...e5 {
? } 6.Ndb5 d6 7.Bg5 a6 { +0,04 } ) 6.Bg5 { ? +0,04 } ( 6.Be2 { ! } 6...e5
7.Nb3 Be6 8.O-O { +0,62 } ) 6...Bd7 7.Qd2 Rc8 8.O-O-O Nxd4 9.Qxd4 Qa5 10.f4 e6
{ ? } ( 10...h6 11.Bxf6 gxf6 12.Kb1 Qc5 13.Qd2 f5 14.exf5 Bxf5 15.Bb5+ Kd8
16.Qe2 a6 17.Ba4 Bg7 18.Rhe1 Be6 19.Bb3 Bxc3 20.bxc3 { ...1/2-1/2, Beliavsky
Alexander G(2590) - Kuzmin Gennadi P(2530), Tashkent 1980 Ch URS (1 liga) } )
( 10...Bc6 11.Kb1 h6 { +0,00 CAP } ) 11.e5 { ± +0,48 CAP } ( 11.Bc4 Qc5 12.Bb3
Be7 13.Bxf6 gxf6 14.Rhf1 Rg8 15.g3 b5 16.f5 a5 17.a4 b4 18.Ne2 e5 19.Qd3 Bc6
20.Qf3 h5 { ...1-0, Seret Jean-Luc(2358) - Hug Werner(2475), Stockholm 1969 Ch
World (juniors) } ) 11...d5 { N } ( 11...dxe5 12.fxe5 Bc6 13.Bb5 ( 13.Bxf6
gxf6 14.Ne4 fxe5 15.Nf6+ Ke7 16.Qh4 Bg7 17.Nd5+ Kf8 18.Ne7 Re8 19.Nxc6 bxc6
20.Kb1 e4 21.Bc4 { ...0-1, Grey Peter G(2046) - Evans Bela(2323), San
Francisco 2000 Tournament (Elo) } ) 13...Nd5 14.Nxd5 Bxb5 15.Nc3 Bc6 16.Rhf1
Bb4 17.Ne4 Bd5 18.Nd6+ Bxd6 19.exd6 f6 20.Bxf6 gxf6 21.Qxf6 { ...1-0,
Beliavsky Alexander G(2615) - Yudasin Leonid(2345), Frunze 1981 Ch URS } )
12.exf6 Bc5 13.Qe5 O-O 14.fxg7 Rfe8 15.Bf6 Be7 16.Bd3 Bxf6 17.Qxf6 Rc6 18.Bb5
Rec8 19.Bxc6 bxc6 20.Rd3 e5 21.Qxe5 Qb6 22.Rxd5 Re8 23.Qg5 f6 24.Qxf6 { *37 }
24...cxd5 25.Nxd5 Qc5 26.Rd1 Bc6 27.b4 Qc4 28.Ne7+ { +300,00 } {#r} 1-0

[Event "Landesliga (2nd) West 2001/02"]
[Site "masterchessopen.com Mecklenburg-Vorpommern (Germany)"]
[Round "7"]
[White "Schmidt Martin (GER)"]
[Black "Richter Thomas (GER)"]
[Result "1-0"]
[WhiteElo "2044"]
[BlackElo "1834"]

1.e4 c5 2.Nf3 Nf6 3.Nc3 Nc6 4.d4 cxd4 5.Nxd4 d6 6.Bg5 Bd7 7.Qd2 e6 8.O-O-O Rc8
9.f4 Be7 10.Ndb5 O-O 11.Nxd6 Rc7 12.Ndb5 Nb8 13.Nxc7 Qxc7 14.e5 {#r} 1-0

[Event "It (cat.3) \"]
[Site "masterchessopen.com Olomouc (Czech Republic)"]
[Round "11"]
[White "Hernandez Yadira (MEX)"]
[Black "Neuman Petr (CZE)"]
[Result "0-1"]
[WhiteElo "2222"]
[BlackElo "2437"]

1.e4 c5 2.Nf3 d6 3.d4 cxd4 4.Nxd4 Nf6 5.Nc3 Nc6 6.Bg5 Bd7 7.Qd2 Rc8 8.Bxf6
gxf6 9.Be2 Qa5 10.g3 Nxd4 11.Qxd4 Qc5 12.Qd2 h5 13.f4 f5 14.exf5 Bxf5 15.Bd3
Bg7 16.Nd1 h4 17.Rf1 hxg3 18.hxg3 Rh6 19.b4 Re6+ {#R} 0-1

[Event "Ch Croatia (juniors) (under 19)"]
[Site "masterchessopen.com Pula (Croatia)"]
[Round "8"]
[White "Saulic Vjekoslav (CRO)"]
[Black "Doric Darko (CRO)"]
[Result "0-1"]
[WhiteElo "1976"]
[BlackElo "2246"]

1.e4 c5 2.Nf3 d6 3.d4 cxd4 4.Nxd4 Nf6 5.Nc3 Nc6 6.Bg5 Bd7 7.Qd2 Rc8 8.O-O-O
Nxd4 9.Qxd4 Qa5 10.Bxf6 gxf6 11.Kb1 Qc5 12.Qd2 h5 13.f4 h4 14.Nd5 Bg7 15.Bd3
a6 16.Rhe1 Bg4 17.Be2 Be6 18.Bf3 b5 19.Re3 Bxd5 20.exd5 f5 21.Rde1 Rc7 22.Ra3
Ra7 23.Qe2 a5 24.Re3 Bf6 25.Qd3 Bd4 26.R3e2 b4 27.Qxf5 a4 28.Bh5 Kd8 29.Bf3 a3
30.Qd3 axb2 31.Re4 Bc3 32.Rd1 f5 33.Re6 Rxa2 34.Kxa2 Kd7 35.Qa6 Qc4+ 36.Qxc4
Ra8+ 37.Qa6 Rxa6+ 38.Kb3 Ra3+ 39.Kc4 Ra1 {#R} 0-1

[Event "Ch Chile"]
[Site "masterchessopen.com Santiago (Chile)"]
[Round "5"]
[White "Cuevas Araya Walter (CHI)"]
[Black "Llorens Marcelo (CHI)"]
[Result "0-1"]
[WhiteElo "2133"]
[BlackElo "2330"]

1.e4 c5 2.Nf3 Nc6 3.d4 cxd4 4.Nxd4 Nf6 5.Nc3 d6 6.Bg5 Bd7 7.Qd2 Rc8 8.O-O-O h6
9.Bh4 g5 10.Bg3 Bg7 11.Nb3 Nh5 12.Nd5 Nxg3 13.hxg3 a5 14.Kb1 a4 15.Nc1 a3
16.f4 axb2 17.Nb3 gxf4 18.gxf4 Ra8 19.g4 e6 20.Ne3 Rxa2 21.c3 Qa8 22.Nc2 Qa4
23.Qxd6 Bxc3 24.Qxd7+ Kf8 25.Bc4 Qxc4 26.Kxa2 Kg7 27.g5 Ra8+ 28.Kb1 Qxb3
29.Na3 Qxa3 30.gxh6+ Kh8 {#R} 0-1

[Event "It (d)"]
[Site "masterchessopen.com Serpukhov (Russia)"]
[Round "8"]
[White "Aslanian Ludmila K (UKR)"]
[Black "Shakenov Erzhan (KAZ)"]
[Result "1-0"]
[WhiteElo "2131"]
[BlackElo "2294"]

1.e4 c5 2.Nf3 d6 3.d4 Nf6 4.Nc3 cxd4 5.Nxd4 Nc6 6.Bg5 Bd7 7.Qd2 Rc8 8.O-O-O
Nxd4 9.Qxd4 Qa5 10.Bd2 e5 11.Qe3 Be7 12.f3 a6 13.a3 Qc7 14.Bd3 Be6 15.Rhe1 b5
16.g4 O-O 17.Kb1 Rfd8 18.g5 Nd7 19.Nd5 Bxd5 20.exd5 Nc5 21.Bf5 Rb8 22.f4 g6
23.Bh3 a5 24.b3 h6 25.gxh6 Bf6 26.f5 Kh7 27.fxg6+ fxg6 28.Rg1 b4 29.Rdf1 Qe7
30.Qf3 Rf8 31.Qg2 bxa3 32.Qxg6+ Kh8 33.Bg5 Bxg5 34.Rxf8+ Qxf8 35.Rxg5 a2+
36.Kxa2 a4 37.b4 Rxb4 38.Rg3 Qg8 39.Qf6+ {#r} 1-0

[Event "It (open)"]
[Site "masterchessopen.com Sevilla (Spain)"]
[Round "2"]
[White "Borondo Garcia Raul (ESP)"]
[Black "Cifuentes Parada Roberto (ESP)"]
[Result "0-1"]
[WhiteElo "2040"]
[BlackElo "2506"]

1.e4 c5 2.Nf3 Nc6 3.d4 cxd4 4.Nxd4 Nf6 5.Nc3 d6 6.Bg5 Bd7 7.Qd2 Rc8 8.Be2 a6
9.f3 e6 10.a4 Be7 11.O-O Nxd4 12.Qxd4 d5 13.Kh1 dxe4 14.fxe4 Bc6 15.Qe3 O-O
16.Bxf6 Bxf6 17.Rad1 Qa5 18.Rf3 Rcd8 19.Bd3 Bxc3 20.bxc3 Qxc3 21.Rg3 Qe5
22.Re1 f6 23.Qh6 Qxg3 {#R} 0-1

[Event "Ch Georgia"]
[Site "masterchessopen.com Tbilisi (Georgia)"]
[Date "2002.05.29"]
[Round "9"]
[White "Jobava Baadur (GEO)"]
[Black "Matnadze Ana (GEO)"]
[Result "1-0"]
[WhiteElo "2559"]
[BlackElo "2392"]

1.e4 c5 2.Nf3 d6 3.d4 cxd4 4.Nxd4 Nf6 5.Nc3 Nc6 6.Bg5 Bd7 7.Qd2 Rc8 8.O-O-O
Nxd4 9.Qxd4 Qa5 10.Bd2 a6 11.Kb1 e5 12.Qd3 Be6 13.Nd5 Qd8 14.f4 Bxd5 15.exd5
e4 16.Qe2 Be7 17.g4 Nxd5 18.Qxe4 Nf6 19.Qxb7 O-O 20.g5 Nd7 21.Bc1 Nc5 22.Qd5
Qc7 23.Bc4 a5 24.Rhe1 a4 25.f5 Kh8 26.Rd4 Rb8 27.Rh4 Bd8 28.f6 Qd7 29.Qd4 Re8
30.fxg7+ Kg8 31.g6 Bxh4 32.gxh7+ Kxh7 33.Qxh4+ {#r} 1-0